Guess The Poison Song By Lyrics - Statistics

General Stats
  • This quiz has been taken 24 times
  • The average score is 7 of 15
Answer Stats
Hint Answer % Correct
We both lie silently still/In the dead of the night Every Rose Has Its Thorn
100%
She stepped off the bus/ Out into the city streets/
Just a small town girl with her whole life packed
Fallen Angel
89%
You know I never/I never seen you look so good/ You never act the way you should Talk Dirty To Me
79%
What's got you so jumpy?/Why can't you sit still, yeah? Unskinny Bop
79%
Hearts of fire/Streets of stone/ Modern warriors/ Saddle iron horses of chrome Ride The Wind
63%
Well, I see him on the TV/Preaching 'bout the promised lands Something To Believe In
58%
I went to bed too late and got up too soon/My poor head still spinnin' from too much booze Look What The Cat Dragged In
47%
Late at night I close my eyes/And think of how things could have been I Won't Forget You
42%
I grab my hat and I grab my shoes/ Tonight I'm gonna hit the streets and cruise I Want Action
32%
Remember the nights we sat/And talked about all our dreams/ Well little did we know then Cry Tough
21%
I felt this before now I feel it again/No matter how hard I try Life Goes On
21%
Good girls go to Heaven, bad girls go to Hell/Rest of them get rich and do just what they feel Look But You Can't Touch
11%
You're my fatal attraction/Oh, no, I can't stop/ You're my midnight fantasy/ You're my cream of the crop Tearin' Down The Walls
5%
All my friends have someone/I need someone too/ Someone to hold the whole night through Want Some Need Some
5%
All the king's horses/And all the king's men/ Ain't got a hope in hell Back To The Rocking Horse
0%
No matching quizzes found
Score Distribution
Percent of People with Each Score
Percentile by Number Answered
Your Score History
You have not taken this quiz